000 00718nam a2200253 i 4500
001 C2-0328442
003 PPAK
005 20180728125759.0
008 140817s2013 my |||| ||||| | may d
020 _a9789671169797
040 _aPPAK
_beng
_cPPAK
_erda
082 0 4 _a899.233
_223
090 0 0 _a899.233
_bJAR
_dG
100 0 _aJarr Nadjmuddean,
_eauthor
245 1 0 _a#Cerita seram 2 :
_bAngker
264 1 _aCheras :
_bDubook Press & Publication ,
_c2013
300 _a104 pages ;
_c18 cm
336 _2rdacontent
_atext
337 _2rdamedia
_aunmediated
338 _2rdacarrier
_avolume
650 1 0 _aGhost stories, Malay. ; Malay fiction.
700 0 _aZan Zaini Sharudin,
_eeditor
942 _ddc
_cB
999 _c127827
_d127827